| 000 | 01372nam a2200385 i 4500 | ||
|---|---|---|---|
| 001 | 30360 | ||
| 003 | KOSZ 005 | ||
| 005 | 20201008144120.0 | ||
| 008 | s1994 pl f |000 0 pol | ||
| 020 | _a8385949615 | ||
| 040 |
_cKOSZ 005 _aKOSZ 005 _dKOSZ 005/EG |
||
| 041 | 0 | _apl | |
| 046 | _k1994 | ||
| 080 | _a504 | ||
| 080 | _a502.17 | ||
| 080 | _a(438) | ||
| 245 | 0 | 0 |
_aRaport o stanie środowiska w województwie poznańskim w 1993 r / _c[aut.: Maria Pułyk i in.] ; Państwowa Inspekcja Ochrony Środowiska, Wojewódzki Inspektorat Ochrony Środowiska w Poznaniu. |
| 260 |
_aPoznań : _bPIOŚ, _c1994. |
||
| 300 |
_a126 s. : _bmapy, wykr. ; _c24 cm. |
||
| 336 |
_2rdacontent _aTekst _btxt |
||
| 337 |
_2rdamedia _aBez urządzenia pośredniczącego _bn |
||
| 338 |
_2rdacarrier _aWolumin _bnc |
||
| 380 | _aKsiążki | ||
| 388 | _a1901-2000 | ||
| 388 | _a1989-2000 | ||
| 490 | 1 | _aBiblioteka Monitoringu Środowiska | |
| 650 | 7 | _aŚrodowisko człowieka | |
| 651 | 7 | _aPoznań (woj. wielkopolskie) | |
| 658 | _aOchrona środowiska | ||
| 700 | 1 |
_aPułyk, Maria _eAutor |
|
| 710 | 2 |
_aPaństwowa Inspekcja Ochrony Środowiska _4pbl |
|
| 830 | _aBiblioteka Monitoringu Środowiska | ||
| 856 |
_uhttp://koha.tu.koszalin.pl/cgi-bin/koha/opac-detail.pl?biblionumber=30360 _yKatalog online BPK |
||
| 942 |
_cKS _2UKD |
||
| 999 |
_c30360 _d30360 |
||